000 00325nam a22001457a 4500
008 221011b ||||| |||| 00| 0 eng d
020 _a0721683762
041 _aeng
080 _a616.053
082 _a616.053
100 _a14.2
101 _aPEDI
245 _aRECOGNIZABLE PATTERNS OF HUMAN
_cSMITH D
942 _2udc
_cBK
999 _c58478
_d58478